Combien de ville du Bas Rhin (67) connais-tu ? - Statistiques

Statistiques générales
  • Ce quiz a été pris 25 fois
  • Le résultat moyen est 45 sur 514
Statistiques - réponses
Code postal Ville % Correct
67000 Strasbourg
95%
67129 Molsheim
84%
67600 Sélestat
74%
67504 Haguenau
68%
67700 Saverne
68%
67550 Vendenheim
68%
67213 Obernai
63%
67300 Schiltigheim
63%
67380 Lingolsheim
58%
67160 Wissembourg
58%
67170 Brumath
53%
67450 Mundolsheim
53%
67800 Bischheim
47%
67151 Erstein
47%
67402 Illkirch-Graffenstaden
47%
67240 Bischwiller
42%
67370 Truchtersheim
42%
67140 Andlau
37%
67330 Bouxwiller
37%
67240 Gries
37%
67800 Hœnheim
37%
67206 Mittelhausbergen
37%
67029 Oberhausbergen
37%
67140 Barr
32%
67038 Eckbolsheim
32%
67207 Niederhausbergen
32%
67310 Wasselonne
32%
67230 Benfeld
26%
67110 Dambach
26%
67270 Hochfelden
26%
67450 Lampertheim
26%
67610 La Wantzenau
26%
67521 Marlenheim
26%
67670 Mommenheim
26%
67190 Mutzig
26%
67540 Ostwald
26%
67860 Rhinau
26%
67204 Achenheim
21%
67120 Altorf
21%
67320 Berg
21%
67660 Betschdorf
21%
67270 Bossendorf
21%
67120 Dorlisheim
21%
67960 Entzheim
21%
67640 Fegersheim
21%
67118 Geispolsheim
21%
67230 Huttenheim
21%
67330 Kirrwiller
21%
67390 Marckolsheim
21%
67150 Matzenheim
21%
67700 Monswiller
21%
67500 Niederschaeffolsheim
21%
67115 Plobsheim
21%
67270 Rohr
21%
67460 Souffelweyersheim
21%
67620 Soufflenheim
21%
67150 Uttenheim
21%
67230 Westhouse
21%
67202 Wolfisheim
21%
67270 Alteckendorf
16%
67600 Baldenheim
16%
67930 Beinheim
16%
67730 Châtenois
16%
67490 Dettwiller
16%
67370 Dingsheim
16%
67410 Drusenheim
16%
67120 Duppigheim
16%
67114 Eschau
16%
67350 Ettendorf
16%
67117 Furdenheim
16%
67150 Gerstheim
16%
67700 Gottenhouse
16%
67330 Hattmatt
16%
67150 Hindisheim
16%
67720 Hœrdt
16%
67340 Ingwiller
16%
67230 Kertzfeld
16%
67350 Kindwiller
16%
67600 Kintzheim
16%
67880 Krautergersheim
16%
67290 La Petite-Pierre
16%
67630 Lauterbourg
16%
67490 Lupstein
16%
67580 Mertzwiller
16%
67270 Minversheim
16%
67350 Morschwiller
16%
67270 Mutzenhouse
16%
67110 Niederbronn-les-Bains
16%
67210 Niedernai
16%
67370 Pfulgriesheim
16%
67116 Reichstett
16%
67480 Roppenheim
16%
67560 Rosheim
16%
67230 Sand
16%
67260 Sarre-Union
16%
67270 Schwindratzheim
16%
67470 Seltz
16%
67770 Sessenheim
16%
67320 Weyer
16%
67670 Wittersheim
16%
67360 Wœrth
16%
67320 Adamswiller
11%
67490 Altenheim
11%
67170 Bernolsheim
11%
67320 Bettwiller
11%
67360 Biblisheim
11%
67170 Bilwisheim
11%
67600 Bindernheim
11%
67870 Bischoffsheim
11%
67113 Blaesheim
11%
67530 Bœrsch
11%
67150 Bolsenheim
11%
67860 Boofzheim
11%
67350 Buswiller
11%
67120 Dachstein
11%
67350 Dauendorf
11%
67230 Diebolsheim
11%
67430 Domfessel
11%
67170 Donnenheim
11%
67320 Drulingen
11%
67120 Duttlenheim
11%
67600 Ebersheim
11%
67600 Ebersmunster
11%
67550 Eckwersheim
11%
67360 Eschbach
11%
67490 Friedolsheim
11%
67860 Friesenheim
11%
67700 Furchhausen
11%
67760 Gambsheim
11%
67170 Geudertheim
11%
67110 Gumbrechtshoffen
11%
67110 Gundershoffen
11%
67700 Haegen
11%
67230 Herbsheim
11%
67270 Hohfrankenheim
11%
67270 Ingenheim
11%
67880 Innenheim
11%
67330 Issenhausen
11%
67117 Ittenheim
11%
67240 Kaltenhouse
11%
67840 Kilstett
11%
67230 Kogenheim
11%
67170 Krautwiller
11%
67520 Kuttolsheim
11%
67580 Laubach
11%
67510 Lembach
11%
67270 Lixhausen
11%
67440 Lochwiller
11%
67290 Lohr
11%
67440 Marmoutier
11%
67140 Mittelbergheim
11%
67170 Mittelschaeffolsheim
11%
67350 Niedermodern
11%
67150 Nordhouse
11%
67230 Obenheim
11%
67110 Oberbronn
11%
67203 Oberschaeffolsheim
11%
67330 Obersoultzbach
11%
67590 Ohlungen
11%
67150 Osthouse
11%
67700 Otterswiller
11%
67490 Printzheim
11%
67110 Reichshoffen
11%
67350 Ringendorf
11%
67480 Rœschwoog
11%
67410 Rohrwiller
11%
67230 Rossfeld
11%
67570 Rothau
11%
67150 Schaeffersheim
11%
67310 Scharrachbergheim-Irmstett
11%
67130 Schirmeck
11%
67230 Sermersheim
11%
67790 Steinbourg
11%
67920 Sundhouse
11%
67440 Thal-Marmoutier
11%
67350 Uhlwiller
11%
67350 Val-de-Moder
11%
67210 Valff
11%
67220 Villé
11%
67310 Westhoffen
11%
67720 Weyersheim
11%
67370 Willgottheim
11%
67270 Wilwisheim
11%
67290 Wimmenau
11%
67140 Zellwiller
11%
67220 Albé
5%
67390 Artolsheim
5%
67250 Aschbach
5%
67120 Avolsheim
5%
67320 Baerendorf
5%
67130 Barembach
5%
67220 Bassemberg
5%
67500 Batzendorf
5%
67310 Bergbieten
5%
67210 Bernardswiller
5%
67140 Bernardvillé
5%
67370 Berstett
5%
67170 Berstheim
5%
67720 Bietlenheim
5%
67260 Bissert
5%
67350 Bitschhoffen
5%
67130 Blancherupt
5%
67650 Blienschwiller
5%
67390 Bœsenbiesen
5%
67390 Bootzheim
5%
67330 Bosselshausen
5%
67220 Breitenau
5%
67220 Breitenbach
5%
67112 Breuschwickersheim
5%
67470 Buhl
5%
67260 Burbach
5%
67320 Bust
5%
67430 Butten
5%
67160 Cleebourg
5%
67510 Climbach
5%
67420 Colroy-la-Roche
5%
67310 Cosswiller
5%
67310 Crastatt
5%
67470 Crœttwiller
5%
67770 Dalhunden
5%
67650 Dambach-la-Ville
5%
67150 Daubensand
5%
67260 Diedendorf
5%
67650 Dieffenthal
5%
67430 Diemeringen
5%
67330 Dossenheim-sur-Zinsel
5%
67700 Eckartswiller
5%
67680 Epfig
5%
67290 Erckartswiller
5%
67330 Ernolsheim-lès-Saverne
5%
67320 Eschwiller
5%
67320 Eywiller
5%
67310 Flexbourg
5%
67220 Fouchy
5%
67130 Fouday
5%
67360 Frœschwiller
5%
67140 Gertwiller
5%
67490 Gottesheim
5%
67270 Gougenheim
5%
67210 Goxwiller
5%
67130 Grandfontaine
5%
67350 Grassendorf
5%
67190 Grendelbruch
5%
67190 Gresswiller
5%
67370 Griesheim-sur-Souffel
5%
67980 Hangenbieten
5%
67260 Harskirchen
5%
67250 Hatten
5%
67360 Hegeney
5%
67390 Heidolsheim
5%
67850 Herrlisheim
5%
67390 Hessenheim
5%
67600 Hilsenheim
5%
67290 Hinsbourg
5%
67260 Hinsingen
5%
67150 Hipsheim
5%
67170 Hochstett
5%
67310 Hohengœft
5%
67810 Holtzheim
5%
67250 Hunspach
5%
67270 Huttendorf
5%
67250 Ingolsheim
5%
67140 Itterswiller
5%
67440 Jetterswiller
5%
67480 Kauffenheim
5%
67250 Keffenach
5%
67260 Keskastel
5%
67270 Kienheim
5%
67520 Kirchheim
5%
67320 Kirrberg
5%
67440 Kleingœft
5%
67170 Kriegsheim
5%
67250 Kutzenhausen
5%
67130 La Broque
5%
67700 Landersheim
5%
67360 Langensoultzbach
5%
67140 Le Hohwald
5%
67480 Leutenheim
5%
67130 Lutzelhouse
5%
67390 Mackenheim
5%
67430 Mackwiller
5%
67250 Memmelshoffen
5%
67340 Menchhoffen
5%
67580 Mietesheim
5%
67190 Mollkirch
5%
67360 Morsbronn-les-Bains
5%
67470 Mothern
5%
67350 Mulhausen
5%
67600 Mussig
5%
67600 Muttersholtz
5%
67330 Neuwiller-lès-Saverne
5%
67630 Niederlauterbach
5%
67470 Niederrœdern
5%
67330 Niedersoultzbach
5%
67510 Niedersteinbach
5%
67520 Nordheim
5%
67240 Oberhoffen-sur-Moder
5%
67160 Oberlauterbach
5%
67250 Oberrœdern
5%
67510 Obersteinbach
5%
67520 Odratzheim
5%
67850 Offendorf
5%
67340 Offwiller
5%
67170 Olwisheim
5%
67600 Orschwiller
5%
67290 Petersbach
5%
67420 Plaine
5%
67290 Puberg
5%
67117 Quatzenheim
5%
67420 Ranrupt
5%
67320 Rauwiller
5%
67440 Reutenbourg
5%
67390 Richtolsheim
5%
67160 Riedseltz
5%
67560 Rosenwiller
5%
67160 Rott
5%
67130 Russ
5%
67270 Saessolsheim
5%
67700 Saint-Jean-Saverne
5%
67140 Saint-Pierre
5%
67350 Schalkendorf
5%
67750 Scherwiller
5%
67240 Schirrhein
5%
67240 Schirrhoffen
5%
67390 Schœnau
5%
67590 Schweighouse-sur-Moder
5%
67440 Schwenheim
5%
67160 Seebach
5%
67310 Sommerau
5%
67120 Soultz-les-Bains
5%
67250 Soultz-sous-Forêts
5%
67190 Still
5%
67250 Surbourg
5%
67290 Tieffenbach
5%
67310 Traenheim
5%
67280 Urmatt
5%
67700 Waldolwisheim
5%
67670 Waltenheim-sur-Zorn
5%
67520 Wangen
5%
67500 Weitbruch
5%
67590 Wintershouse
5%
67130 Wisches
5%
67230 Witternheim
5%
67700 Wolschheim
5%
67310 Zehnacker
5%
67110 Zinswiller
5%
67260 Altwiller
0%
67320 Asswiller
0%
67310 Balbronn
0%
67130 Bellefosse
0%
67130 Belmont
0%
67340 Bischholtz
0%
67420 Bourg-Bruche
0%
67140 Bourgheim
0%
67310 Dahlenheim
0%
67310 Dangolsheim
0%
67430 Dehlingen
0%
67220 Dieffenbach-au-Val
0%
67360 Dieffenbach-lès-Wœrth
0%
67440 Dimbsthal
0%
67190 Dinsheim-sur-Bruche
0%
67117 Dossenheim-Kochersberg
0%
67160 Drachenbronn-Birlenbach
0%
67270 Duntzenheim
0%
67270 Durningen
0%
67360 Durrenbach
0%
67320 Durstel
0%
67470 Eberbach-Seltz
0%
67140 Eichhoffen
0%
67390 Elsenheim
0%
67350 Engwiller
0%
67120 Ergersheim
0%
67120 Ernolsheim-Bruche
0%
67320 Eschbourg
0%
67117 Fessenheim-le-Bas
0%
67480 Forstfeld
0%
67580 Forstheim
0%
67480 Fort-Louis
0%
67290 Frohmuhl
0%
67270 Geiswiller-Zœbersdorf
0%
67320 Gœrlingen
0%
67360 Gœrsdorf
0%
67870 Griesheim-près-Molsheim
0%
67320 Gungwiller
0%
67360 Gunstett
0%
67117 Handschuheim
0%
67190 Heiligenberg
0%
67140 Heiligenstein
0%
67440 Hengwiller
0%
67260 Herbitzheim
0%
67320 Hirschland
0%
67250 Hoffen
0%
67117 Hurtigheim
0%
67640 Ichtratzheim
0%
67930 Kesseldorf
0%
67310 Knœrsheim
0%
67120 Kolbsheim
0%
67240 Kurtzenhouse
0%
67220 Lalaye
0%
67250 Lampertsloch
0%
67730 La Vancelle
0%
67340 Lichtenberg
0%
67150 Limersheim
0%
67640 Lipsheim
0%
67490 Littenheim
0%
67250 Lobsann
0%
67430 Lorentzen
0%
67700 Maennolsheim
0%
67220 Maisonsgoutte
0%
67210 Meistratzheim
0%
67270 Melsheim
0%
67250 Merkwiller-Pechelbronn
0%
67130 Muhlbach-sur-Bruche
0%
67470 Munchhausen
0%
67130 Natzwiller
0%
67630 Neewiller-près-Lauterbourg
0%
67220 Neubois
0%
67370 Neugartheim-Ittlenheim
0%
67480 Neuhaeusel
0%
67220 Neuve-Église
0%
67130 Neuviller-la-Roche
0%
67280 Niederhaslach
0%
67680 Nothalten
0%
67360 Oberdorf-Spachbach
0%
67280 Oberhaslach
0%
67160 Oberhoffen-lès-Wissembourg
0%
67330 Obermodern-Zutzendorf
0%
67970 Oermingen
0%
67390 Ohnenheim
0%
67990 Osthoffen
0%
67700 Ottersthal
0%
67530 Ottrott
0%
67320 Ottwiller
0%
67320 Pfalzweyer
0%
67250 Preuschdorf
0%
67310 Rangen
0%
67430 Ratzwiller
0%
67140 Reichsfeld
0%
67440 Reinhardsmunster
0%
67340 Reipertswiller
0%
67250 Retschwiller
0%
67320 Rexingen
0%
67260 Rimsdorf
0%
67690 Rittershoffen
0%
67310 Romanswiller
0%
67290 Rosteig
0%
67340 Rothbach
0%
67170 Rottelsheim
0%
67480 Rountzenheim-Auenheim
0%
67420 Saales
0%
67390 Saasenheim
0%
67420 Saint-Blaise-la-Roche
0%
67220 Saint-Martin
0%
67220 Saint-Maurice
0%
67530 Saint-Nabor
0%
67220 Saint-Pierre-Bois
0%
67160 Salmbach
0%
67260 Sarrewerden
0%
67420 Saulxures
0%
67470 Schaffhouse-près-Seltz
0%
67630 Scheibenhard
0%
67270 Scherlenheim
0%
67340 Schillersdorf
0%
67160 Schleithal
0%
67370 Schnersheim
0%
67320 Schœnbourg
0%
67250 Schœnenbourg
0%
67260 Schopperten
0%
67390 Schwobsheim
0%
67160 Siegen
0%
67320 Siewiller
0%
67260 Siltzheim
0%
67130 Solbach
0%
67340 Sparsbach
0%
67770 Stattmatten
0%
67220 Steige
0%
67160 Steinseltz
0%
67140 Stotzheim
0%
67290 Struth
0%
67250 Stundwiller
0%
67370 Stutzheim-Offenheim
0%
67320 Thal-Drulingen
0%
67220 Thanvillé
0%
67220 Triembach-au-Val
0%
67470 Trimbach
0%
67350 Uhrwiller
0%
67220 Urbeis
0%
67110 Uttenhoffen
0%
67330 Uttwiller
0%
67430 Vœllerdingen
0%
67290 Volksberg
0%
67170 Wahlenheim
0%
67360 Walbourg
0%
67130 Waldersbach
0%
67430 Waldhambach
0%
67710 Wangenbourg-Engenthal
0%
67340 Weinbourg
0%
67290 Weislingen
0%
67340 Weiterswiller
0%
67440 Westhouse-Marmoutier
0%
67270 Wickersheim-Wilshausen
0%
67130 Wildersbach
0%
67110 Windstein
0%
67510 Wingen
0%
67290 Wingen-sur-Moder
0%
67170 Wingersheim les Quatre Bans
0%
67470 Wintzenbach
0%
67370 Wintzenheim-Kochersberg
0%
67820 Wittisheim
0%
67370 Wiwersheim
0%
67260 Wolfskirchen
0%
67120 Wolxheim
0%
67310 Zeinheim
0%
67290 Zittersheim
0%
Aucun quiz correspondant
Distribution des résultats
% des personnes avec chaque résultat
Percentile par nombre de réponses
Votre historique - résultats
Vous n’avez pas pris ce quiz